02108 a2200169 45000010006000000050017000060080041000230030015000640400040000790800073001192450054001920200018002462640034002643000017002985051593003151000030019082477320260407155530.0260407a1997 arg spa dAR-UNSa-BCEJYS aAR-UNSa-BCEJYSbspacAR-UNSa-BCEJYS a657.3xPresupuestos. Cierre de Cuentas. Balances (Estados Contables)10aLos balancespTratado sobre los estados contables a950-739-534-2 1aBuenos Aires :bErreparc1997 a2 v.c21 cm. a1. Vol. I: 1. El derecho de control e información – 2. El derecho de información del accionista – 3. Normas societarias de aplicación – 4. Información y principios contables – 5. Estados contables: concepto, finalidad y clases – 6. Valuación y ajuste por inflación – 7. Estados contables de ejercicio: normas generales – 8. Estado de situación patrimonial o balance general: pautas generales – 9. Estado de situación patrimonial o balance general: activo – 10. Estado de situación patrimonial o balance general: pasivo – 11. Estado de situación patrimonial o balance general: el patrimonio neto y su estado de evolución – 12. Estado de resultado – 13. Información complementaria – Vol. II: 14. Estado de origen y aplicación de fondos – 15. Estados consolidados – 16. Información comparativa – 17. Presentación de estados contables – 18. El informe de los estados contables – 19. Elaboración, aprobación e impugnación de los estados contables – 20. Estados contables especiales: Introducción – 21. El balance impositivo – 22. Estado contables proyectados – 23. Balance de apertura – 24. Balance de transformación – 25. Balance de fusión – 26. Balance de escisión – 27. Balance de receso – 28. Balance de separación del socio – 29. Balance de cesión de paquetes accionarios – 30. Balance de liquidación – 31. Estados contables e informes sobre concursos y quiebra – 32. Estados contables de los agrupamientos empresarios – 33. Estados contables de entes sin fines de lucro. 1 aVerón, Alberto Víctor